000
00302nam a22000977a 4500
003
OSt
008
201013b ||||| |||| 00| 0 eng d
100
_a
Theraja, B. L
_a
Theraja, A. K
_9
4783
245
_a
A textbook of electrical technology : in S.I. system of units : Vol. 2,. AC and DC machines
942
_c
BK
999
_c
16368
_d
16368